[Event "World Chess King Summit 2018"]
[Site "Shenzhen"]
[Date "2018.07.07"]
[Round "13"]
[White "Ruslan Ponomariov"]
[Black "Yifan Hou"]
[Result "1-0"]
[WhiteElo "2649"]
[BlackElo "2659"]
[Annotator "TA"]
[PlyCount "175"]
[EventDate "2018.??.??"]
[EventCountry "CHN"]
[SourceTitle "playchess.com"]
[Source "ChessBase"]
[SourceQuality "1"]

{[%evp 13,175,0,11,-5,10,2,6,0,6,2,17,14,14,18,11,14,12,9,30,19,33,24,31,28,24,22,21,25,23,25,34,23,14,20,34,25,23,4,91,108,150,32,58,6,9,0,28,14,61,33,60,57,53,49,62,79,53,41,41,41,41,41,41,41,41,41,49,49,49,49,56,28,56,56,56,56,56,56,56,56,56,56,56,56,56,56,56,56,56,56,56,56,56,56,56,56,56,0,0,0,56,56,56,56,56,0,56,0,0,0,0,0,0,0,56,56,56,56,56,56,56,56,77,77,77,77,77,77,77,77,77,77,77,3,10,0,77,0,77,77,77,77,77,77,12840,12840,12841,12841,12841,12842,12842,12843,12843,12843,12844,12481,12845,12845,12845,12846,12846,12847,12847,12847]} 1. d4 Nf6 2. Bf4 d5 3. e3 e6 4. Nd2 c5 5. c3 Nc6 6. Ngf3 Be7 7. h3 Bd6 {LiveBook: 25 Games. D02: 1 d4 d5 2 Nf3 sidelines, including 2...Nf6 3 g3 and 2...Nf6 3 Bf4} 8. Bb5 $146 ({Predecessor:} 8. dxc5 Bxc5 9. Bd3 O-O 10. O-O Bd6 11. Bxd6 Qxd6 12. e4 Rd8 13. Bc2 dxe4 14. Nxe4 Qe7 15. Qe2 {1-0 (67) So,W (2778)-Caruana,F (2816) Paris 2018}) 8... O-O 9. Bxc6 bxc6 {The position is equal.} 10. Qa4 Bxf4 11. exf4 Qb6 12. O-O cxd4 13. cxd4 c5 14. dxc5 Qxc5 15. Qd4 Qd6 16. Rfc1 Bd7 17. Ne5 h6 18. a3 Rfb8 19. b4 a6 20. Ndc4 {[%cal Bd2c4,Bc4a5,Ba5b3][%mdl 32]} Qc7 21. Na5 $36 {[%mdl 2048] White has the initiative.} Qd6 22. Qc5 Qxc5 23. Rxc5 Rc8 24. Rac1 Rxc5 25. Rxc5 Ra7 (25... Bb5 $11) 26. Nb3 Ne4 27. Rc1 ({White should try} 27. Nxd7 $16 {Hoping for Rc8+.} Rxd7 28. Rc8+ Kh7 29. f3) 27... Ba4 28. Nd4 (28. Rc8+ $14 Kh7 29. Nc5 Nxc5 30. bxc5) 28... Nd6 $11 29. f3 f6 30. Nd3 Kf7 (30... Bb5 $5 31. Nc5 e5 $11) 31. Nc5 Bd7 32. Re1 Nb5 33. Ndxe6 Bxe6 34. Rxe6 $14 {[%mdl 4096] Endgame aiming for a4. KRN-KRN} a5 35. Ra6 Rxa6 36. Nxa6 Nxa3 37. bxa5 {KN-KN} Nc4 38. Nb4 {And now a6 would win.} Nxa5 39. Nxd5 Ke6 40. Ne3 f5 41. Kf2 Nb3 42. Ke2 Nc5 43. Nc2 Kd5 44. Ke3 Ne6 45. Nb4+ Kc5 46. Nd3+ Kd6 47. g3 Kd5 48. h4 h5 49. Ne5 Kd6 50. Kd3 Kd5 51. Ng6 {Strongly threatening Ne7+.} Nc5+ 52. Ke3 Nd7 53. Ne7+ Ke6 54. Nc6 Kd5 55. Nd4 (55. Nb4+ $14 Kc5 56. Nd3+ Kd5 57. Kd2) 55... g6 $11 56. Ne2 Nb8 (56... Kc4 $11) 57. Kd3 Nc6 58. Nc3+ Kc5 59. Na2 (59. Na4+ $14 Kb5 60. Nc3+ Kb4 61. Nd1) 59... Kd5 (59... Nd4 $11) 60. Nc1 ({White should play} 60. Kc3 $1 $14) 60... Nd4 61. Ke3 Nc2+ 62. Kf2 Kd4 63. Nb3+ Kc4 (63... Kd5 $11) 64. Na5+ $1 $14 Kd5 65. Nb7 $1 Nd4 66. Nd8 $1 Kd6 67. Nf7+ $1 Ke7 68. Ne5 Kf6 69. Ke3 Ne6 70. Kd3 Nd8 71. Kc4 Ne6 72. Kd5 {Nxg6! is the strong threat.} Nc7+ 73. Kc6 (73. Kd4 $16) 73... Ne6 $11 74. Kd5 (74. Kd6 $11 Nd4 75. Kd5) 74... Nc7+ $1 $16 75. Kc4 Ne6 76. Nc6 Nc7 77. Nd4 Ke7 78. Kc5 Ne6+ $2 {[%mdl 8192]} (78... Kd7 $16) 79. Nxe6 $1 $18 {White is clearly winning.} Kxe6 {KP-KP} 80. Kc6 $1 Ke7 81. Kc7 $1 Ke6 82. Kd8 $1 {[%cal Rd8e8]} Kf7 83. Kd7 Kf6 {[#]} 84. Ke8 $1 {[%cal Re8f8]} Kg7 85. Ke7 Kg8 86. Kf6 Kh7 {[#]} 87. Kf7 $1 {[%cal Rf7e7]} Kh6 88. Kg8 {Precision: White = 62%, Black = 56%.} 1-0

[Event "World Chess King Summit 2018"]
[Site "Shenzhen"]
[Date "2018.07.07"]
[Round "14"]
[White "Yifan Hou"]
[Black "Ruslan Ponomariov"]
[Result "1-0"]
[WhiteElo "2659"]
[BlackElo "2649"]
[Annotator "TA"]
[PlyCount "88"]
[EventDate "2018.??.??"]
[EventCountry "CHN"]
[SourceTitle "playchess.com"]
[Source "ChessBase"]
[SourceQuality "1"]

{[%evp 18,88,20,12,37,9,10,14,25,0,13,0,0,0,0,-6,46,-18,-16,-10,27,0,57,54,50,20,10,0,97,35,58,52,137,120,145,143,145,137,279,231,265,255,273,247,340,341,389,264,251,241,233,233,244,244,241,218,218,208,260,204,224,211,224,224,224,224,219,207,214,204,211,200,333]} 1. e4 {Gutman,L} e5 2. Nf3 Nc6 3. Bb5 Nf6 4. d3 Bc5 5. c3 O-O 6. O-O {C65: Ruy Lopez: Berlin Defence (3...Nf6), unusual lines and 4 0-0 Bc5} Re8 7. Bg5 (7. Nbd2 a6 8. Bxc6 dxc6 9. Nc4 Nd7 10. b4 Bf8 11. a4 b5 12. Na5 Qf6 13. Be3 Nb6 14. axb5 cxb5 {1-0 (58) Caruana,F (2816)-Nakamura,H (2769) Leuven 2018}) 7... h6 8. Bh4 Be7 9. a4 d6 10. Nbd2 {LiveBook: 5 Games} Be6 $146 ({Predecessor:} 10... a6 11. Bc4 Nh5 12. Bg3 g6 13. Re1 Bf6 {1-0 (46) Gopal,G (2560)-Buhmann,R (2633) Bad Wiessee 2016 CBM 176 [Gutman,L]}) 11. d4 exd4 12. cxd4 {aiming for Bxf6.} a6 13. Bd3 {[#] And now Bxf6 would win.} d5 14. e5 Nd7 15. Bxe7 Qxe7 16. Nb3 Qb4 (16... f6 $11) 17. Bc2 (17. Ne1 $14) 17... Bg4 $11 18. Qd3 {Black must now prevent Qh7+.} Nf8 19. Nfd2 Qb6 (19... Ne6 $11) 20. a5 $36 {[%mdl 2048] White has good play.} Qb5 21. Qg3 Be2 $1 {[%cal Re2f1]} 22. Rfe1 Bc4 {[#]} (22... Ne6 $11) 23. Qc3 (23. f4 $1 $16) 23... Qb4 24. f4 Bxb3 ({Black should try} 24... Ne6 $14) 25. Nxb3 $16 {[%cal Bd2b3,Bb3c5,Bc5a6][%mdl 32]} Rad8 26. Red1 g6 27. Nc5 Rb8 (27... Ne6 $16) 28. Ba4 Red8 29. Bxc6 bxc6 30. Nxa6 Qxc3 31. bxc3 Rb7 32. Nc5 Ra7 33. a6 Ne6 34. Nxe6 fxe6 $18 {[%mdl 4096] Endgame KRR-KRR} 35. Ra5 Rb8 36. Kf2 Kf7 37. Ke3 h5 38. g3 Rb3 {White is clearly better.} 39. Kd3 Ke7 40. Kc2 Rb6 41. Rda1 Kd7 42. h3 Ke7 43. R5a2 Kd7 44. g4 hxg4 {Precision: White = 48%, Black = 25%.} (44... h4 $142 45. Ra5 Rb8) 1-0

[Event "World Chess King Summit 2018"]
[Site "Shenzhen"]
[Date "2018.07.07"]
[Round "15"]
[White "Ruslan Ponomariov"]
[Black "Yifan Hou"]
[Result "1-0"]
[WhiteElo "2649"]
[BlackElo "2659"]
[Annotator "TA"]
[PlyCount "59"]
[EventDate "2018.??.??"]
[EventCountry "CHN"]
[SourceTitle "playchess.com"]
[Source "ChessBase"]
[SourceQuality "1"]

{[%evp 15,59,5,6,-1,3,-75,-67,-65,-62,-77,-116,-230,-122,-152,-165,-154,-150,-167,346,345,732,710,996,996,983,951,975,977,932,801,954,947,942,914,894,813,906,893,1318,1315,1259,1171,1233,1218,2019,1910]} 1. d4 Nf6 2. Bf4 e6 3. e3 c5 4. Nf3 d5 5. c3 Nc6 6. Nbd2 Be7 7. Ne5 O-O 8. Bd3 Nd7 {LiveBook: 17 Games} 9. Nef3 $146 {D02: 1 d4 d5 2 Nf3 sidelines, including 2...Nf6 3 g3 and 2...Nf6 3 Bf4} ({Predecessor:} 9. Qh5 f5 10. Ndf3 Ndxe5 11. Nxe5 Nxe5 12. Bxe5 Bd6 13. f4 Bxe5 14. fxe5 Bd7 15. O-O Qb6 16. Rf2 Bb5 17. Bxb5 Qxb5 {½-½ (38) Adhiban,B (2653)-Aronian,L (2780) Wijk aan Zee 2017}) 9... f5 10. O-O (10. h3 $11) 10... g5 $17 11. Bg3 {Black is slightly better.} f4 12. exf4 gxf4 13. Qe2 (13. Nh4 $17 {might work better.} fxg3 14. Qg4+ Kh8 {[#]} 15. Ng6+ $1 {[%mdl 512]} hxg6 16. Qxg6 gxh2+ 17. Kh1) 13... e5 (13... fxg3 $19 14. Qxe6+ Kh8) 14. Nxe5 Ndxe5 15. dxe5 {Strongly threatening Qh5.} fxg3 16. fxg3 Bg5 $4 {[%mdl 8192]} (16... c4 $19 {and all is fine.} 17. Bc2 Qe8) 17. Qh5 $18 {[%csl Gd3][%cal Rh5h7]} Rxf1+ $2 (17... Bf5 18. Rxf5 Rxf5 19. Bxf5 Qe7) 18. Rxf1 {[%csl Gd3][%cal Rh5h7] White is clearly winning.} Qe7 {[#]} 19. Bxh7+ $1 {[%mdl 512]} Qxh7 20. Qe8+ ({Not} 20. Qxg5+ Qg7 $11) 20... Kg7 21. Rf7+ Kh6 22. Rxh7+ Kxh7 23. Qh5+ Bh6 24. Qf7+ Bg7 25. e6 {[%cal Be5e6,Be6e7][%mdl 32]} Ne5 26. Qh5+ Kg8 27. Qe8+ Kh7 28. Nf3 Nxf3+ 29. gxf3 b6 30. e7 {Precision: White = 57%, Black = 23%.} 1-0

[Event "World Chess King Summit 2018"]
[Site "Shenzhen"]
[Date "2018.07.07"]
[Round "16"]
[White "Yifan Hou"]
[Black "Ruslan Ponomariov"]
[Result "0-1"]
[WhiteElo "2659"]
[BlackElo "2649"]
[Annotator "TA"]
[PlyCount "80"]
[EventDate "2018.??.??"]
[EventCountry "CHN"]
[SourceTitle "playchess.com"]
[Source "ChessBase"]
[SourceQuality "1"]

{[%evp 12,80,80,61,114,103,120,128,145,47,47,44,40,32,50,47,46,46,50,48,66,25,19,22,23,20,16,-1,-9,-30,10,-46,-58,-92,-3,-24,0,0,0,0,0,0,0,-1,-1,-13,-1,-20,0,-20,-10,-37,-37,-27,-27,-66,-102,-77,-20,-20,-14,-25,-25,-33,-30,-301,-276,-656,-644,-29998,-29999]} 1. e4 c5 2. Nf3 Nf6 3. Nc3 d5 4. exd5 Nxd5 5. Bb5+ Bd7 6. Qe2 Nxc3 {B29: Sicilian: 2 Nf3 Nf6 (Nimzowitsch Variation)} (6... Nb4 7. Bxd7+ Qxd7 8. d3 f6 9. a3 N4c6 10. Ne4 e5 11. c3 Na6 12. b4 Nc7 13. d4 cxd4 14. cxd4 {1-0 (32) Fedorchuk,S (2619)-Sokolov,I (2652) Khanty-Mansiysk 2009 CBM 134 [Ftacnik,L]}) 7. dxc3 {LiveBook: 4 Games} Nc6 (7... f6 $14) 8. Be3 $16 e6 {White is better.} 9. O-O-O Qc7 $146 {[#]} ({Predecessor:} 9... Qb6 10. Rxd7 Kxd7 11. Ne5+ Ke7 12. Bg5+ f6 13. Nxc6+ Kf7 14. Re1 {1-0 (14) Perez,G (2002)-Zamudio,J (2214) SEMI email 2000}) 10. Qc4 (10. Rd2 $1 $16 Be7 11. Rhd1) 10... a6 $14 11. Bxc6 $1 Bxc6 12. Bf4 Qc8 13. Ne5 Be7 14. Qd3 f6 15. Nc4 {Hoping for Nb6.} Bb5 $1 16. Nd6+ Bxd6 $1 17. Qxd6 Kf7 18. Be3 c4 19. Bb6 Qc6 20. Qd4 Rhe8 21. b3 (21. Rhg1 $11) 21... e5 22. Qe3 Qe6 (22... Re6 $17 23. Bc5 Rc8) 23. Rd2 Rac8 24. Rhd1 Kg8 25. Rd6 Qg4 26. g3 Bc6 27. Kb2 Qf3 28. Qd2 h6 29. Be3 Kh7 30. h4 Qf5 31. Bb6 Bf3 32. Re1 Re6 33. Re3 Rxd6 34. Qxd6 Bc6 ({Black should try} 34... Rc6 $17 35. Qd8 Bh5) 35. Qd2 Re8 {[%cal Bc8e8,Be8e7,Be7d7,Bd7d2][%mdl 32]} 36. a4 Re7 37. a5 Rd7 $36 {[%mdl 2048] Black has good play.} 38. Qe1 $2 {[%mdl 8192] [#]} (38. Qe2 $11) 38... Bf3 $1 $19 39. Qa1 $2 (39. g4 Bxg4 40. f3 Bxf3 41. Qf2) 39... Rd2 40. Rxf3 Qxc2+ {Precision: White = 28%, Black = 51%.} 0-1

[Event "World Chess King Summit 2018"]
[Site "Shenzhen"]
[Date "2018.07.07"]
[Round "17"]
[White "Ruslan Ponomariov"]
[Black "Yifan Hou"]
[Result "1-0"]
[WhiteElo "2649"]
[BlackElo "2659"]
[Annotator "TA"]
[PlyCount "93"]
[EventDate "2018.??.??"]
[EventCountry "CHN"]
[SourceTitle "playchess.com"]
[Source "ChessBase"]
[SourceQuality "1"]

{[%evp 22,93,60,63,65,58,83,64,98,93,77,83,161,27,109,87,106,94,98,108,111,86,148,154,145,0,0,0,0,0,0,0,2,10,103,-1068,0,0,246,252,557,554,548,547,525,500,495,462,449,456,389,32,492,474,597,539,501,423,389,375,547,499,1065,1015,911,625,634,575,12843,12843,29992,29993,29993,29994]} 1. d4 Nf6 2. Nf3 b6 3. g3 Bb7 4. Bg2 g6 5. O-O Bg7 6. c4 e6 7. Nc3 O-O 8. d5 {A50: Queen's Fianchetto Defence (1 d4 Nf6 2 c4 b6)} (8. Bf4 d6 9. Qc2 Nbd7 10. Rad1 Qe7 11. e4 e5 12. Bc1 Rfe8 13. Nd5 Nxd5 14. cxd5 Rac8 15. dxe5 dxe5 {½-½ (68) Wang,Y (2690)-Mamedyarov,S (2804) chess.com INT 2018}) 8... exd5 9. cxd5 Re8 10. Nd4 c5 11. Ndb5 d6 12. Bf4 {LiveBook: 3 Games} Bf8 13. a4 {[#]} a6 $146 ({Predecessor:} 13... Na6 14. e4 Nb4 15. Bg5 Bg7 16. Bf4 Bf8 17. Bg5 Bg7 18. Bf4 Bf8 {½-½ (18) Paehtz,E (2447)-Jones,G (2623) Douglas 2015}) 14. Na3 Nh5 15. Bd2 Nd7 16. e4 Ne5 (16... Ng7 $16) 17. Qe2 (17. f4 $18 Nd7 18. Nc4) 17... Nf6 (17... Bc8 $1 $11) 18. f4 Ned7 19. Qf3 b5 20. axb5 axb5 21. Naxb5 Rxa1 (21... Ba6 $142) 22. Rxa1 $16 Qb6 23. Bf1 (23. Ra4 $16) 23... Nxe4 $1 $11 24. Nxe4 c4+ $1 25. Qe3 Qxb5 26. Nxd6 $1 Qxd5 27. Qxe8 (27. Nxe8 $2 {too greedy.} Bc5 $19) 27... Qxd6 (27... Nf6 $11 {keeps the balance.} 28. Qxf7+ Qxf7 29. Bxc4 Bxd6 30. Bxf7+ Kxf7) 28. Be3 $2 {[%mdl 8192]} ({Don't blunder} 28. Bxc4 $2 Qd4+ 29. Be3 Qxc4 $19) (28. Qe2 $16) 28... Nf6 $2 ({Better is} 28... Qd5 $19 {White must now prevent ...Nf6.} 29. Ra7 Qh1+ 30. Kf2 Nf6 31. Rxb7 Nxe8) 29. Qb5 Qe7 $2 (29... Qe6 $1 $11 30. Qxb7 Qxe3+ 31. Kg2 Ng4) 30. Qe5 $18 Qd7 $2 (30... Qxe5 31. fxe5 Ng4) 31. Qxf6 {[#] Bd4 is the strong threat.} Qd5 32. Qd4 Qh1+ 33. Kf2 Qxh2+ 34. Ke1 Qxg3+ 35. Bf2 Bb4+ 36. Kd1 Qf3+ $2 {[%mdl 8192]} (36... Qb3+ $14 37. Kc1 c3) 37. Kc1 h5 38. Ra4 Bf8 39. Rxc4 Bg7 40. Qe3 Qd5 (40... Qxe3+ $142 41. Bxe3 Ba6) 41. Rc7 {[#] Hoping for Qe8+.} Kh7 (41... Qh1 $142 42. Qe1 Bd5) 42. Bc4 Qh1+ 43. Kc2 Be4+ 44. Bd3 Bd5 45. f5 {fxg6+ would kill now.} Qg2 46. fxg6+ fxg6 47. Qd4 {Precision: White = 56%, Black = 24%.} 1-0

[Event "World Chess King Summit 2018"]
[Site "Shenzhen"]
[Date "2018.07.07"]
[Round "18"]
[White "Yifan Hou"]
[Black "Ruslan Ponomariov"]
[Result "1/2-1/2"]
[WhiteElo "2649"]
[BlackElo "2659"]
[Annotator "TA"]
[PlyCount "128"]
[EventDate "2018.??.??"]
[EventCountry "CHN"]
[SourceTitle "playchess.com"]
[Source "ChessBase"]
[SourceQuality "1"]

{[%evp 15,128,11,13,5,11,1,14,-15,-12,-40,0,0,-6,-4,15,-52,-11,-25,-22,-37,-23,-29,-44,-43,24,0,0,-14,-13,-15,14,14,7,0,0,0,0,0,0,0,0,0,0,0,0,0,0,0,0,0,0,0,0,0,0,0,0,0,0,0,0,0,0,0,0,0,0,0,0,0,0,0,0,0,0,0,0,0,0,0,10,0,0,0,0,0,0,0,0,0,0,0,0,0,0,0,0,-188,-173,-322,0,0,0,0,0,0,0,0,0,0,0,0,0,0,0]} 1. e4 e5 2. Nf3 Nc6 3. Bb5 Nf6 4. d3 Bc5 5. c3 d5 6. Nbd2 dxe4 7. dxe4 O-O 8. O-O Qe7 {LiveBook: 13 Games} 9. b4 {C00: French: Unusual White 2nd moves} Bd6 10. Bb2 $146 ({Predecessor:} 10. a3 Nd8 11. Re1 c6 12. Bf1 Bc7 13. g3 a5 14. Rb1 axb4 15. cxb4 Ne6 16. Bb2 Rd8 {½-½ (25) Giri,A (2782)-Aronian,L (2792) Paris 2016}) 10... Nd8 11. Qe2 c6 12. Ba4 Ne6 13. g3 $1 Bc7 14. Bb3 h6 15. h4 (15. Nc4 $11) 15... Rd8 16. Rfd1 a5 17. a3 b5 18. Nf1 Rxd1 19. Rxd1 g6 (19... Nd8 $15) 20. Bc1 h5 21. Ng5 axb4 22. axb4 Nh7 23. Nxh7 Kxh7 24. Ne3 Ng7 25. Kg2 Be6 26. Qc2 Rd8 27. Nf1 Bxb3 28. Qxb3 Qe6 29. Qc2 Rxd1 30. Qxd1 Qe7 31. Bg5 f6 32. Be3 Ne6 33. Nd2 Qd7 34. Qe2 Kg7 35. Nb3 Bd8 36. c4 Be7 37. c5 Nd8 38. Na5 Kf7 39. Qa2+ Qe6 40. Qd2 Ke8 41. Qd3 (41. Qe2 {seems wilder.} Kf8 42. Bh6+ Kf7 43. Bd2 Qd7 44. Nb3) 41... Qa2 42. Qb3 (42. Qd1 {with more complications.} Qb2 43. Bd2 Qd4 44. Qe2 Qd7 45. Nb3) 42... Qxb3 43. Nxb3 $11 {[%mdl 4096] Endgame KBN-KBN} Ne6 44. Kf3 f5 45. Bd2 Bd8 46. Bc3 Bc7 47. Nc1 Nd8 48. Nd3 Nf7 49. Ke3 Ke7 50. exf5 gxf5 51. f4 {[%cal Rc3e5] Threatens to win with Bxe5.} e4 $1 {[%cal Re4d3]} 52. Nc1 Nd8 53. Ne2 {[#] Nd4 is the strong threat.} Ne6 54. Bb2 Kf7 55. Bc3 Bd8 56. Nc1 $2 (56. Be5 $11 {and White stays safe.}) 56... Nc7 $19 57. Nb3 (57. Be1 {keeps fighting.}) 57... Ne6 $2 {[#]} (57... Nd5+ $19 58. Kd2 Nxc3 59. Kxc3 Bf6+ 60. Kc2 Ke6) 58. Bb2 {The position is equal.} Ke7 59. Be5 Kd7 60. Ke2 Ke8 61. Ke3 Kd7 62. Ke2 Ke8 63. Ke3 Kd7 64. Ke2 Ke8 {Precision: White = 49%, Black = 70%.} 1/2-1/2